Name a League Champion - Statistics

General Stats
  • This quiz has been taken 54 times
  • The average score is 15 of 17
Answer Stats
Confederation Competition Most Successful Champions All Champions % Correct
UEFA 🇳🇱 Eredivisie Ajax | PSV | Feyenoord | +26 Ajax | PSV | Feyenoord | HVV | Sparta Rotterdam | Go Ahead Eagles | Willem II | HBS | AZ | ADO | Heracles | RCH | RAP | Twente | DOS | DWS | Rapid JC | Be Quick | BVV | HFC | De Volewijckers | Eindhoven | Haarlem | Limburgia | NAC | Quick Den Haag | SVV | Concordia | Enschede
100%
UEFA 🇩🇪 Bundesliga Bayern Munich | Nürnberg | Borussia Dortmund | +27 Bayern Munich | Nürnberg | Borussia Dortmund | Schalke | Hamburg | Stuttgart | Borussia Mönchengladbach | Werder Bremen | Kaiserslautern | Köln | Lokomotive Leipzig | Greuther Fürth | Hertha Berlin | Viktoria 1889 Berlin | Dresdner | Hannover | Bayer Leverkusen | Karlsruher FV | Holstein Kiel | 1860 Munich | Blau-Weiß 90 Berlin | Karlsruher SC | Fortuna Düsseldorf | Eintracht Frankfurt | Wolfsburg | Freiburger | Rapid Wien | Mannheim | Rot-Weiss Essen | Eintracht Braunschweig
100%
UEFA 🇮🇹 Serie A Juventus | Inter | Milan | +13 Juventus | Inter | Milan | Genoa | Torino | Bologna | Pro Vercelli | Roma | Napoli | Lazio | Fiorentina | Casale | Novese | Cagliari | Hellas Verona | Sampdoria
100%
UEFA 🏴󠁧󠁢󠁥󠁮󠁧󠁿 Premier League Manchester United | Liverpool | Arsenal | +21 Manchester United | Liverpool | Arsenal | Manchester City | Everton | Aston Villa | Sunderland | Chelsea | Newcastle United | Sheffield Wednesday | Wolverhampton Wanderers | Leeds United | Huddersfield Town | Blackburn Rovers | Preston North End | Tottenham Hotspur | Derby County | Burnley | Portsmouth | Sheffield United | West Bromwich Albion | Ipswich Town | Nottingham Forest | Leicester City
100%
UEFA 🇫🇷 Ligue 1 Paris Saint-Germain | Marseille | Saint-Étienne | +25 Paris Saint-Germain | Marseille | Saint-Étienne | Monaco | Nantes | Lyon | Bordeaux | Lille | Reims | Roubaix | Standard Athletic Club | Nice | Helvétique Marseille | Le Havre | RC Paris | Sochaux | Sète | Lens | Club Français | CA Paris | Tourcoing | Rouen | Strasbourg | Gallia Club Paris | Saint-Raphaël | Stade Français | Auxerre | Montpellier
100%
UEFA 🇪🇸 La Liga Real Madrid | Barcelona | Atlético Madrid | +6 Real Madrid | Barcelona | Atlético Madrid | Athletic Bilbao | Valencia | Real Sociedad | Deportivo La Coruña | Sevilla | Real Betis
100%
UEFA 🇧🇪 Pro League Anderlecht | Club Brugge | Union Saint-Gilloise | +13 Anderlecht | Club Brugge | Union Saint-Gilloise | Standard Liège | Beerschot | Racing de Bruxelles | Royal Antwerp | RFC Liège | Daring de Bruxelles | Mechelen | Lierse | Genk | Cercle Brugge | Beveren | Gent | Molenbeek
98%
UEFA 🇵🇹 Primeira Liga Benfica | Porto | Sporting | +2 Benfica | Porto | Sporting | Belenenses | Boavista
98%
CONMEBOL 🇦🇷 Primera División River Plate | Boca Juniors | Racing | +25 River Plate | Boca Juniors | Racing | Independiente | San Lorenzo | Vélez Sarsfield | Alumni | Estudiantes | Newell's Old Boys | Huracán | Lomas Athletic | Rosario Central | Belgrano Athletic | Argentinos Juniors | Lanús | Ferro Carril Oeste | Porteño | Quilmes | Estudiantil Porteño | Gimnasia y Esgrima | Banfield | Lomas Academy | Arsenal | Chacarita Juniors | Dock Sud | Old Caledonians | Sportivo Barracas | St. Andrew's
92%
CONCACAF 🇺🇸 MLS Los Angeles Galaxy | New York Cosmos | Vancouver Whitecaps | +25 Los Angeles Galaxy | New York Cosmos | Vancouver Whitecaps | D.C. United | Columbus Crew | Chicago Sting | Houston Dynamo | San Jose Earthquakes | Seattle Sounders | Sporting Kansas City | Atlanta Chiefs | Atlanta United | Chicago Fire | Colorado Rapids | Dallas Tornado | Los Angeles Aztecs | Los Angeles | Los Angeles Wolves | New York City | Oakland Clippers | Philadelphia Atoms | Portland Timbers | Real Salt Lake | Rochester Lancers | Tampa Bay Rowdies | Toronto Blizzard | Toronto | Tulsa Roughnecks
88%
CONMEBOL 🇧🇷 Série A Palmeiras | Santos | Corinthians | +14 Palmeiras | Santos | Corinthians | Flamengo | São Paulo | Cruzeiro | Vasco da Gama | Fluminense | Internacional | Atlético Mineiro | Grêmio | Botafogo | Bahia | Guarani | Athletico Paranaense | Coritiba | Sport Recife
85%
CONCACAF 🇲🇽 Liga MX Club América | Guadalajara | Toluca | +21 Club América | Guadalajara | Toluca | Cruz Azul | Club León | Tigres UANL | Pumas UNAM | Pachuca | Santos Laguna | Monterrey | Atlante | Club Necaxa | Atlas | Club Puebla | Zacatepec | Veracruz | Oro | Morelia | Tecos | España | Tijuana | Asturias | Tampico | Marte
81%
AFC 🇯🇵 J1 League Sanfrecce Hiroshima | Kashima Antlers | Yokohama F. Marinos | +11 Sanfrecce Hiroshima | Kashima Antlers | Yokohama F. Marinos | Tokyo Verdy | Urawa Red Diamonds | Cerezo Osaka | Kawasaki Frontale | Júbilo Iwata | Shonan Bellmare | Gamba Osaka | United Chiba | Kashiwa Reysol | Nagoya Grampus | Vissel Kobe
81%
AFC 🇸🇦 Pro League Al-Hilal | Al-Ittihad | Al-Nassr | +4 Al-Hilal | Al-Ittihad | Al-Nassr | Al-Shabab | Al-Ahli | Al-Ettifaq | Al-Fateh
77%
CAF 🇲🇦 Botola Pro Wydad | Raja | ASFAR | +17 Wydad | Raja | ASFAR | Maghreb Fes | Kenitra | Racing de Casablanca | Stade Marocain | Kawkab Marrakech | Hassania Agadir | Moghreb Tétouan | Rabat | Olympique Khouribga | Renaissance de Settat | Tanger | Olympique de Casablanca | Mouloudia Oujda | CODM de Meknès | Chabab Mohammédia | Raja de Beni Mellal | Étoile de Casablanca
63%
OFC 🇳🇿 National League Auckland City | Uni-Mount Bohemian | Christchurch United | +13 Auckland City | Uni-Mount Bohemian | Christchurch United | Waitakere United | Waitakere City | Napier City Rovers | Team Wellington | Wellington United | Miramar Rangers | North Shore United | Eastern Suburbs | Central United | Gisborne City | Blockhouse Bay | Wellington Olympic | Manurewa
58%
CAF 🇪🇬 Premier League Al Ahly | Zamalek | Ismaily | +4 Al Ahly | Zamalek | Ismaily | Tersana | Ghazl El Mahalla | El Olympi | Al Mokawloon
50%
No matching quizzes found
Score Distribution
Percent of People with Each Score
Percentile by Number Answered
Your Score History
You have not taken this quiz